LIBRARY & INFORMATION CENTRE, KCAET, TAVANUR

ONLINE PUBLIC ACCESS CATALOGUE (OPAC)

Wastelands in India: An untapped potential / (Record no. 3817)

MARC details
000 -LEADER
fixed length control field 00542cam a2200193ua 4500
020 ## - INTERNATIONAL STANDARD BOOK NUMBER
ISBN 81-86024-OEX
041 ## - LANGUAGE CODE
Language code of text/sound track or separate title eng
082 ## - DEWEY DECIMAL CLASSIFICATION NUMBER
Classification number 333
Item number BAG/WA
100 ## - MAIN ENTRY--AUTHOR NAME
Personal name Bagchi, Kathakali S .
245 ## - TITLE STATEMENT
Title Wastelands in India: An untapped potential /
260 ## - PUBLICATION, DISTRIBUTION, ETC. (IMPRINT)
Place of publication :
Name of publisher Upalabdhi trust for development initiative ,
Year of publication 1993.
300 ## - PHYSICAL DESCRIPTION
Number of Pages 308 ; .
500 ## - GENERAL NOTE
General note **Reference
700 1# - ADDED ENTRY--PERSONAL NAME
Personal name Mini, Philip .
942 ## - ADDED ENTRY ELEMENTS (KOHA)
Koha item type Books
Holdings
Withdrawn status Lost status Damaged status Home library Current library Date acquired Full call number Accession Number Koha item type
      KAUAET KAUAET 07/04/2012 333 18452 Reference
free website counter